The Blush of Darkness /
Este libro es el catálogo de la exposición homónima que presentó en la Robert Dana Gallery de San Francisco, California.
Guardado en:
| Autor principal: | |
|---|---|
| Otros autores: | |
| Formato: | Libro |
| Idioma: | Español |
| Publicado: |
San Francisco, EUA :
Robert Dana Gallery,
fecha no identificada
|
| Temas: | |
| Etiquetas: |
Sin etiquetas, Sé el primero en etiquetar este registro!
|
MARC
| LEADER | 00000nam^a2200000^a^4500 | ||
|---|---|---|---|
| 001 | 000135862 | ||
| 005 | 20250526000000.0 | ||
| 009 | 20260310095257.881 | ||
| 037 | |a Acervo ITESO - Biblioteca | ||
| 041 | |a ESP | ||
| 082 | |a 759. 972 |b MAY ESQ | ||
| 100 | |a Maya, Lucía |e (pintor) | ||
| 245 | 1 | 4 | |a The Blush of Darkness / |c Pintor L. Maya ; presen. de J. Esquinca. |
| 264 | 1 | |a San Francisco, EUA : |b Robert Dana Gallery, |c fecha no identificada | |
| 300 | |a 1 folleto (12 p.) ; |c 20.5 cm. | ||
| 336 | |a texto |b txt |2 rdacontenido | ||
| 337 | |a sin mediación |b n |2 rdamedio | ||
| 338 | |a volumen |b nc |2 rdasoporte | ||
| 520 | |a Este libro es el catálogo de la exposición homónima que presentó en la Robert Dana Gallery de San Francisco, California. | ||
| 545 | 0 | |a Lucía Maya, pintora mexicana nacida en 1953. Presentó su primera exposición individual en 1979. Su iconografía tiene fuertes referencias oníricas que la vinculan con otros creadores plásticos, como Leonora Carrington, Remedios Varo y Madritte, pero también con el simbolismo del siglo XIX, del cual abrevaron -al fin y al cabo- los surrealistas. Su pintura está poblada de imágenes en las que la muerte es una presencia constante, como una especie de conjuro contra ella. | |
| 546 | |a Edición bilingüe español-inglés | ||
| 649 | |a XX | ||
| 650 | |a Pintores Mexicanos | ||
| 650 | |a Artistas Mexicanos | ||
| 650 | |a Mujeres Mexicanas | ||
| 650 | |a Museos y Galerías - |z San Francisco, EUA - |x Exposiciones | ||
| 650 | |a Museos y Galerías - |z EUA - |x Exposiciones | ||
| 650 | |a Surrealismo - |z México - |x Historia y Crítica | ||
| 650 | |a Pintura Moderna - |z México - |x Historia y Crítica | ||
| 650 | |a Pintura Mexicana - |x Historia y Crítica | ||
| 650 | |a Pintura Mexicana - |y Siglo XX | ||
| 650 | |a Arte Moderno - |z México - |x Historia y Crítica | ||
| 650 | |a Arte Mexicano - |x Historia y Crítica | ||
| 650 | |a Arte Mexicano - |y Siglo XX | ||
| 650 | |a Maya, Lucía - |x Tema Principal | ||
| 700 | |a Esquinca, Jorge |e (presentación) | ||
| 910 | |a Fondo General | ||
| 920 | |a Impresos - Libros | ||
| 930 | |a Libros Antiguos y Raros | ||
| 905 | |a 108 | ||
| 901 | |a 0500065019 |b IT2 |c LRA |u 20250526 | ||
| 902 | |a https://opac.biblio.iteso.mx/vufind/Record/000135862 | ||